000 00600nam a2200241Ia 4500
005 20260306145651.0
008 008 260114s9999 xx 000 0 eng d
020 _a9783110365610
037 _aEbook
040 _aCRL
040 _beng
040 _cCRL
041 _2eng
041 _aeng
084 _qCRL
245 0 _aAdpositional kodierte Raumrelationen im Chinesischen und Deutschen
260 _bDe Gruyter
260 _c2015
650 _aLinguistics and Semiotics
856 _uhttps://www.degruyter.com/isbn/9783110365610
942 _cEBOOK
999 _c1690009
_d1690009